Ciudades más pobladas de Rusia - Estadísticas

Estadísticas generales
  • Esta prueba ha sido intentada 185 veces
  • La puntuación promedio es 5 de 10
Estadísticas de respuestas
Habitantes Ciudad % Correcto
11 514 330 Moscú
100%
4 848 742 San Petersburgo
97%
1 143 546 Kazán
68%
1 350 136 Ekaterinburgo
67%
1 473 737 Novosibirsk
46%
1 164 896 Samara
38%
1 089 851 Rostov del Don
37%
1 153 971 Omsk
34%
1 130 273 Chelyabinsk
11%
1 250 615 Niznhy Novgorod
3%
No se encontraron pruebas coincidentes
Distribución de puntuación
Porcentaje de gente con cada puntuación
Porcentaje por número respondido
Historial de tus puntuaciones
No has intentado esta prueba.